000 00968nam a2200229Ia 4500
003 Ost
005 20260507075631.0
008 260507s9999||||xx |||||||||||||| ||und||
020 _a2028368977
040 _cfsecg
041 _aara
082 _a658.8
100 _aالصيرفي، محمد
_eمؤلف
245 0 _aإدارة التسويق /
_c محمد الصيرفي
260 _aالقاهرة:
_bمؤسسة طيبة للنشرو التوزيع,
_c2005
300 _a332 صفحة؛
_c24 سم
490 _aسلسلة كتب المعارف الإدارية
504 _aالمراجع ص.325
520 _aتجد في هذا الكتاب : الإدارة والتسويق ، التخطيط التسويقي ،التنظيم التسويقي ، القرارات التسويقة ، التوجيه التسويقي ، الرقابة والمراجعة على النشاط التسويقي
653 _aإدارة التسويق
942 _cكتاب
999 _c45210
_d45210